000 00613nam a22001937a 4500
003 OSt
005 20251115113245.0
008 251115b |||||||| |||| 00| 0 eng d
020 _a 0-960-38681-6.
040 _aDWCL-Admin lib
_cOC
082 _aCirc. 693 Am35 1988
100 _aAmerican Concrete Pipe Association
245 _a Concrete pipe handbook
_cAmerican Concrete Pipe Association
260 _aVirginia :
_bAmerican Concrete Pipe Asso. ,
_cc1998.
300 _a xxiii, v. p. : ill. ;
_c23 cm
504 _aIncludes glossary and index.
650 _a1. Pipe,Concrete
942 _2ddc
_cBK-CIRC
_kCirc.
_n0
999 _c5681
_d5681